| 000 | 00631nam a2200181 i 4500 | ||
|---|---|---|---|
| 001 | 47187 | ||
| 003 | ES-MaACL | ||
| 005 | 20250827062603.0 | ||
| 007 | t| | ||
| 008 | 030404q18601869sp ||||1| spa d | ||
| 110 | 1 |
_aEspaña _93622 |
|
| 240 | 0 | _aTratados, etc. Francia, 1862 | |
| 245 | 1 | 0 | _aConvenio entre España y Francia para fijar los derechos civiles de los respectivos súbditos y las atribuciones de los Agentes consulares destinados a protegerlos, firmado en Madrid el 7 de enero de 1862. |
| 260 |
_a[S.l. : _bs.n., _c186-?] |
||
| 300 |
_a20 p. ; _c28 cm. |
||
| 852 |
_aES-MaACL _jFol-Laf-189 |
||
| 999 |
_c47187 _d47187 |
||